1638 1010 1718 1416 1044 1401 1867 1823 1241 1840 1817 1827 1486 1017 1295 1300 1837 1765 1727 1900 1550 1304 1750 1852 1685 1170 1158 1268 1666 1587 1689 1894 1198 1079 1838 1697 1278 1805 1128 1019 1348 1314 1186 1151 1868 1813 1626 1082 1364 1750 1140 1590 1448 1448 1051 1389 1657 1908 1285 1696 1798 1711 1215 1248 1955 1782 1445 1514 1765 1468 1429 1216 1560 1931 1182 1999 1135 1404 1502 1932 1650 1552 1083 1987 1027 1665 1312 1543 1003 1717 1100 1166 1424 1588 1221 1383 1231 1967 1001 BCNSPRNW ULIB Ver.6.0+V

เปลี่ยนเป็นภาษาไทย

Change to English
 แสดงรายละเอียดบรรณานุกรม
  กลับหน้าหลัก

Brief Record : Get Marc (ISO 2709) : E-mail record : QR code < ปิดหน้าต่าง
LEADER : 00000nam 2200000uu 4500
001    13399107827
003     ULIB
008    110204s2548||||th 000 0 tha d
020    9749377656
020    9789749377659
060 04 WY157^bว337ก 2548
245 00 การพยาบาลสูติศาสตร์ =^bอาหารสมุนไพรสำหรับสตรีมีครรภ์และมารดาหลังคลอด : Obstetrics nursing herb diet for pregnancy and post partumwomen /^cบรรณาธิการ, วรุณวรรณ ผาโคตร, สิรนาถ นุชนาถ
246 31 Obstetrics nursing herb diet for pregnancy and post partumwomen
250    พิมพ์ครั้งที่ 1
260    กรุงเทพฯ :^bเค.เอส.พี การพิมพ์,^c2548
300    ก-ญ, 256 หน้า ;^c26 ซม.
650  7 การพยาบาลสูติศาสตร์
650  7 มารดา^xโภชนาการ
650  7 ระยะหลังคลอด^xโภชนาการ
650  7 สมุนไพร
650  7 สูติศาสตร์
650  7 อนามัยแม่และเด็ก
700 0  วรุณวรรณ ผาโคตร,^eบรรณาธิการ
700 0  สิรนาถ นุชนาถ,^eบรรณาธิการ
995    ทศพร
999 ^a ใช้งานได้ทุกระบบ
รายการนี้ยังไม่มีแท็ก
คุณยังไม่ได้ล็อกอิน คุณสามารถมีกิจกรรมร่วมกับเว็บไซต์ได้ แต่ต้องล็อกอินก่อน ::
  ล็อกอิน

รายการสื่อสารสนเทศ

ลำดับที่ ประเภท เลขเรียก/บาร์โค้ด สถานที่ สถานะ
- ไม่พบข้อมูล -

รายการใกล้เคียง
    หัวเรื่อง [การพยาบาลสูติศาสตร์]
    หัวเรื่อง [สมุนไพร]
    หัวเรื่อง [สูติศาสตร์]
    หัวเรื่อง [อนามัยแม่และเด็ก]

BibComment


ยังไม่เคยถูกคอมเมนท์

คอมเมนท์ทรัพยากรรายการนี้
  คอมเมนท์: การพยาบาลสูติศาสต..


 Copyright 2026. Bcnsprnw @Library